000
00286nam a22001217a 4500
008
250825b |||||||| |||| 00| 0 eng d
040
_a
02
100
_a
SINGH,HARKISHAN
245
_a
PRACTICAL PHARMACEUTICAL CHEMISTRY
260
_a
DELHI
_b
VALLABH
_c
2022
300
_a
208
942
_c
01
999
_c
65997
_d
65997